| 000 | 00603nam a2200181 i 4500 | ||
|---|---|---|---|
| 001 | 38693 | ||
| 003 | ES-MaACL | ||
| 005 | 20231205191405.0 | ||
| 007 | t| | ||
| 008 | 030226s1972 sp ||||1| spa d | ||
| 100 | 1 |
_aCamón Aznar, José, _d1898-1979 _934095 |
|
| 245 | 1 | 0 |
_aRamón Gómez de la Serna en sus obras / _cJosé Camón Aznar ; prólogo de Julio Gómez de la Serna. |
| 260 |
_aMadrid : _bEspasa-Calpe, _c1972. |
||
| 300 |
_a535 p., 22 lám. ; _c23 cm. |
||
| 700 | 1 |
_aGómez de la Serna, Julio, _d1895-1983 _957899 |
|
| 852 |
_aES-MaACL _jC-49717 _bR.84748 |
||
| 999 |
_c38693 _d38693 |
||